000 00848nab a22002417a 4500
001 13059
003 HDC
007 cr bn ---aaaaa
008 210128c99999999my ||||o |||| 00| 00eng d
040 _aHDC
100 _aAnisah Shukry,
_eauthor
_913896
245 0 _aHalal cert revoked over Secret Recipe's central factory, says minister /
_cAnisah Shukry
336 _atext
_2rdacontent
337 _acomputer
_2rdamedia
338 _aonline resource
_2rdacarrier
650 _aFood
_xReligious aspect
_xIslam
_97432
650 _aHalal food industry
_zPakistan
_97217
710 _aThe Edge Markets (Malaysia)
856 _zRequest full-text at [email protected]
942 _2lcc
942 _cNEWS
942 _kNWSO 003007
999 _c10375
_d10375